| 000 | 01108nam a2200193 a 4500 | ||
|---|---|---|---|
| 001 | 58740 | ||
| 005 | 20180714055446.0 | ||
| 008 | 140415s2012 xxu 000 0 spa d | ||
| 020 | _a9781439894576 | ||
| 041 | _aspa | ||
| 082 |
_a519.5 _bSTA |
||
| 100 | 1 | _aSTAMATIS, D. H. | |
| 245 | 1 | 0 | _aESSENTIAL STATISTICAL CONCEPTS FOR THE QUALITY PROFESSIONAL |
| 250 | _a1a ed. | ||
| 260 |
_aESTADOS UNIDOS DE AMERICA : _bTAYLOR AND FRANCIS GROUP, _c2012 |
||
| 300 |
_a478 _c16 x 3 x 24 |
||
| 520 | _aTHE ESSENCE OF ANY ROOT CAUSE ANALYSIS IN OUR MODERN QUALITY THINKING IS TO GO BEYOND THE ACTUAL PROBLEM. THIS MEANS NOT ONLY DO WE HAVE TO FIX THE PROBLEM AT HAND BUT WE ALSO APPLY THE APPROPRIATE KNOWLEDGE TO AVOID THE PROBLEM IN THE FUTURE. ESSENTIAL STATISTICAL CONCEPTS FOR THE QUALITY PROFESSIONAL OFFERS A NEW NON-TECHNICAL STATISTICAL APPROACH TO QUALITY FOR EFFECTIVE IMPROVEMENT AND PRODUCTIVITY BY FOCUSING ON VERY SPECIFIC AND FUNDAMENTAL METHODOLOGIES AND TOOLS FOR THE FUTURE. | ||
| 650 | 1 | 4 |
_aCONTROL DE CALIDAD _xMETODOS ESTADISTICOS _xMATEMATICAS APLICADAS _xMATEMATICAS _xPROBABILIDAD |
| 999 |
_c58740 _d58740 |
||